000 00737cam a2200157 4500500
005 20260201134431.0
041 _afre
042 _adc
100 1 0 _aMellon, Christian
_eauthor
245 0 0 _aChristophe Jaffrelot (dir.), New Delhi et le monde. Une puissance émergente entre realpolitik et soft power, Autrement, 2008, 158 p., 17 €
260 _c2009.
500 _a76
520 _aResumé Autour du livre de Pierre Dardot et Christian Laval, La nouelle raison du monde. Essai sur la société néolibérale, La Découverte, 2009, 496 p., 26 €
786 0 _nRevue Projet | 310 | 3 | 2009-03-01 | p. 088a-094a | 0033-0884
856 4 1 _uhttps://shs.cairn.info/revue-projet-2009-3-page-088a?lang=fr&redirect-ssocas=7080
999 _c1642596
_d1642596